000 00568nam a22001817a 4500
005 20250618115555.0
008 250617b |||||||| |||| 00| 0 eng d
040 _cAL
041 _aEnglish
082 _a255
_bCELC
100 _aM Rose Celine BS Ed
_9215323
245 _aCompassionate pastor
260 _aMangalore
_c2023
300 _a56 p.
_bPB
_c21.5x14 cm.
520 _aCompassionate pastor: servant of God Raymond F C Mascarenhas a champion of education goodnews to the poor. June 2023,volume16,no.1
650 _aChristianity
_9215221
942 _2ddc
_cDB
999 _c234479
_d234479